|
|
|
|
| LEADER |
00000nab a2200000 a 4500 |
| 001 |
vtls000903797 |
| 003 |
SK-MaSNL |
| 005 |
20260302172815.0 |
| 008 |
040720e19980316xo 0 slo |
| 035 |
|
|
|a KE12754
|
| 040 |
|
|
|a KEVKJB
|b slo
|c KEVKJB
|e AACR2
|
| 041 |
0 |
|
|a slo
|
| 044 |
|
|
|a xo
|c SK
|
| 080 |
|
|
|a 885.4-311.9
|2 1981
|
| 100 |
0 |
|
|a pan
|4 aut
|9 827435
|
| 245 |
1 |
0 |
|a Fenomén zvaný paranormálne javy
|b Krstili knihu Miloša Jesenského "Reálne príbehy X"
|
| 300 |
|
|
|b 1 obr.
|
| 590 |
|
|
|a Jesenský, Miloš 1971-,
|b spisovateľ, historik
|
| 600 |
1 |
7 |
|a Jesenský, Miloš,
|d 1971-,
|2 KEVKJB
|9 115657
|
| 650 |
0 |
7 |
|a vedecko-fantastická literatúra
|2 KEVKJB
|9 31823
|
| 650 |
0 |
7 |
|a Reálne príbehy (kniha)
|2 KEVKJB
|9 879461
|
| 650 |
0 |
7 |
|a prezentácia kníh
|2 KEVKJB
|9 862333
|
| 650 |
0 |
7 |
|a informácie
|2 KEVKJB
|9 1285
|
| 651 |
|
7 |
|a Košice (Slovensko)
|2 KEVKJB
|9 18694
|
| 651 |
|
7 |
|a KE,
|2 KEVKJB
|9 877256
|
| 655 |
|
7 |
|a periodikum
|2 snkbucl
|9 29553
|
| 773 |
0 |
8 |
|t Košický večer
|g Roč. 9
|g Roč. 30, č.51, 16.3.1998, s. 2
|
| 852 |
|
|
|a ZVYKNI
|b KIS3GCP
|
| 999 |
|
|
|c 1399749
|d 1401679
|